[Event "VEN-ch"]
[Site "San Felipe"]
[Date "2008.01.16"]
[Round "6"]
[White "Soto Paez, Oliver de la Trinid"]
[Black "Osorio Itanare, Fernando Augus"]
[Result "1-0"]
[WhiteElo "2371"]
[BlackElo "2126"]
[PlyCount "79"]
[EventDate "2008.01.13"]
[EventType "tourn"]
[EventRounds "11"]
[EventCountry "VEN"]
[EventCategory "2"]
[SourceTitle "CBM 122 Extra"]
[Source "ChessBase"]
[SourceDate "2008.03.04"]
[SourceVersion "1"]
[SourceVersionDate "2008.03.04"]
[SourceQuality "1"]

1. e4 c5 2. Nf3 Nc6 3. d4 cxd4 4. Nxd4 Nf6 5. Nc3 e5 6. Ndb5 d6 7. Bg5 a6 8. Na3 b5 9. Nd5 Be7 10. Bxf6 Bxf6 11. c3 Bg5 12. Nc2 Ne7 13. Ncb4 0-0 14. a4 bxa4 15. Qxa4 a5 16. Bb5 Bb7 17. Nc6 Nxc6 18. Bxc6 Qc8 19. Bxb7 Qxb7 20. Ra2 Qa6 21. c4 Qa7 22. 0-0 Qd4 23. Qc2 Rfc8 24. b3 a4 25. Rd1 axb3 26. Rxa8 Rxa8 27. Qxb3 Qc5 28. g3 Rc8 29. Qf3 g6 30. h4 Bd8 31. Rb1 Qxc4 32. Rb7 f5 33. exf5 e4 34. Qd1 Qd3 35. Qa1 Rc7 36. Nxc7 e3 37. Qa2+ Kh8 38. Qb2+ Kg8 39. Ne6 exf2+ 40. Qxf2 1-0

[Event "VEN-ch"]
[Site "San Felipe"]
[Date "2008.01.13"]
[Round "2"]
[White "Alvarez Marquez, Johan"]
[Black "Soto Paez, Oliver de la Trinid"]
[Result "1/2-1/2"]
[WhiteElo "2385"]
[BlackElo "2371"]
[PlyCount "71"]
[EventDate "2008.01.13"]
[EventType "tourn"]
[EventRounds "11"]
[EventCountry "VEN"]
[EventCategory "2"]
[SourceTitle "CBM 122 Extra"]
[Source "ChessBase"]
[SourceDate "2008.03.04"]
[SourceVersion "1"]
[SourceVersionDate "2008.03.04"]
[SourceQuality "1"]

1. d4 Nf6 2. c4 g6 3. Nc3 Bg7 4. e4 d6 5. Be2 0-0 6. Bg5 a5 7. Qd2 Na6 8. h4 h5 9. 0-0-0 c6 10. f3 Rb8 11. Bh6 Kh7 12. Bxg7 Kxg7 13. Qe3 Qc7 14. e5 dxe5 15. dxe5 Nd7 16. f4 Ndc5 17. Nf3 b5 18. Nd4 bxc4 19. f5 Qb6 20. Rd2 Nb4 21. Bxc4 Ba6 22. Bxa6 Qxa6 23. f6+ exf6 24. exf6+ Kh7 25. Nf5 Nbd3+ 26. Kb1 gxf5 27. Qg5 Ne6 28. Qxf5+ Kh6 29. Rxd3 Rb4 30. Rd2 Qc4 31. Rc1 Qxh4 32. Qxa5 Rfb8 33. Qe5 R8b7 34. a3 Rb3 35. Nd1 Rxa3 36. Rc3 1/2-1/2

[Event "Capablanca Memorial op 41st"]
[Site "Havana"]
[Date "2006.11.25"]
[Round "5"]
[White "Soto Paez, Oliver de la Trinid"]
[Black "Almeida Quintana, Omar"]
[Result "1-0"]
[WhiteElo "2315"]
[BlackElo "2500"]
[PlyCount "81"]
[EventDate "2006.11.21"]
[EventType "swiss"]
[EventRounds "10"]
[EventCountry "CUB"]
[SourceTitle "CBM 115 Extra"]
[Source "ChessBase"]
[SourceDate "2007.01.10"]
[SourceVersion "1"]
[SourceVersionDate "2007.01.10"]
[SourceQuality "1"]

1. e4 c5 2. Nf3 d6 3. d4 cxd4 4. Nxd4 Nf6 5. Nc3 Nc6 6. Be3 e5 7. Nb3 Be6 8. Qd2 Be7 9. f3 0-0 10. 0-0-0 a5 11. Kb1 a4 12. Nc1 a3 13. b3 Nb4 14. Nd3 d5 15. Bc5 Nxd3 16. Bxe7 Qxe7 17. Bxd3 d4 18. Ne2 Nd7 19. c3 dxc3 20. Nxc3 Nc5 21. Bc2 Na6 22. Nd5 Bxd5 23. exd5 Qd6 24. Rhe1 Rac8 25. Re4 f5 26. Re3 Nb4 27. Rc3 e4 28. Rc4 Rxc4 29. bxc4 b5 30. cxb5 Rb8 31. Bb3 Rxb5 32. fxe4 fxe4 33. Qe2 Rb8 34. Qxe4 Kh8 35. Qe6 Qf8 36. g4 Re8 37. Qf5 Qc5 38. d6 Qc3 39. Qf2 Nxa2 40. Kxa2 Rb8 41. Qc2 1-0